Kraje najbliższe Białorusi - Statystyki

Ogólne statystyki
  • Ten quiz został rozwiązany 277 razy
  • Średni wynik to 17 z 20
Statystyki odpowiedzi
km kraj % Poprawnych
0 Polska
100%
0 Rosja
100%
0 Ukraina
99%
0 Litwa
98%
0 Łotwa
95%
571 Niemcy
95%
157 Estonia
94%
395 Czechy
92%
267 Słowacja
91%
357 Węgry
85%
470 Finlandia
83%
365 Rumunia
83%
515 Szwecja
82%
337 Mołdawia
81%
568 Austria
72%
544 Dania
72%
740 Słowenia
71%
646 Serbia
66%
715 Chorwacja
65%
801 Bośnia i Hercegowina
55%
Nie znaleziono quizów pasujących do podanych kryteriów
Rozkład punktacji
Procent ludzi z każdym wynikiem
Percentyl według liczby udzielonych odpowiedzi
Twoja historia wyników
Nie rozwiązałeś tego quizu